A personalidade neurótica do nosso tempo (Registo nº 202761)
[ vista simples ]
| 000 -Etiqueta do registo | |
|---|---|
| Valores | 00702nam 22002053 4500 |
| 100 ## - Dados gerais de processamento | |
| Dados gerais | 20260626d u||y0pory50 ba |
| 200 ## - Titulo e menção de responsabilidade | |
| Título próprio | A personalidade neurótica do nosso tempo |
| Primeira menção de responsabilidade | Haren Horney |
| Outras menções de responsabilidade | tradução Fernando Gil ; prefácio Joaquim Seabra |
| 210 ## - Publicação | |
| Local de publicação | Lisboa |
| Nome do editor | Minotauro |
| Data de publicação | 1961 |
| 215 ## - Descrição física | |
| Paginação / Volumes | 312, [1] p. |
| Outras indicações físicas | brochado |
| Dimensões | 20 cm |
| 300 ## - Notas gerais | |
| Texto da nota | Contém algumas notas do Prof. Dr. Almeida Faria ao longo do livro |
| 606 ## - Nome comum usado como assunto | |
| ID Autoridade | 927 |
| Palavra de ordem | Medicina |
| 675 ## - CDU | |
| Notação | 616 |
| Edição | PT |
| Língua | por |
| 700 ## - Autor principal (pessoa individual) | |
| ID Autoridade | 17640 |
| Apelido | Horney |
| Nome | Karen |
| Datas | 1885-1952 |
| 702 ## - Autor secundário (pessoa individual) | |
| ID Autoridade | 11589 |
| Apelido | Dinis |
| Nome | J. Seabra |
| 702 ## - Autor secundário (pessoa individual) | |
| ID Autoridade | 8290 |
| Apelido | Gil |
| Nome | Fernando |
| Datas | 1937-2006 |
| 801 ## - Fonte de origem | |
| País | PT |
| Agência | BMMN |
| Regras de catalogação | RPC |
| 830 ## - Notas gerais do catalogador | |
| Criado por | Ana Falardo |
| Indexado por | Ana Falardo |
| 990 ## - Elementos KOHA | |
| Tipo de documento | Livro |
| Situação do levantamento | Biblioteca de origem | Código de barras | Cota | Permissão de empréstimo | Tipo de documento | Nota relativa ao exemplar | Forma de aquisição |
|---|---|---|---|---|---|---|---|
| Biblioteca Municipal de Montemor-o-Novo | 32272 | 61 HOR|SAF | Livro | Acesso Condicionado | Oferta |